Vấn đề địa phương hóa giáo dục tại Việt Nam : Luận văn tốt nghiệp
Đề tài trình bày tầm quan trọng của giáo dục, tổ chức giáo dục tại Việt Nam hiện nay, kế hoạch địa phương hóa giáo dục.
Gorde:
| Egile nagusia: | |
|---|---|
| Formatua: | Liburua |
| Hizkuntza: | Undetermined |
| Argitaratua: |
Sài Gòn
Học viện Quốc Gia Hành Chánh
1970
|
| Gaiak: | |
| Etiketak: |
Etiketa erantsi
Etiketarik gabe, Izan zaitez lehena erregistro honi etiketa jartzen!
|
| Thư viện lưu trữ: | Trung tâm Học liệu Trường Đại học Cần Thơ |
|---|
| LEADER | 00913nam a2200217Ia 4500 | ||
|---|---|---|---|
| 001 | CTU_26491 | ||
| 008 | 210402s9999 xx 000 0 und d | ||
| 082 | |a 370.9597 | ||
| 082 | |b Ch312 | ||
| 100 | |a Nguyễn, Duy Chính | ||
| 245 | 0 | |a Vấn đề địa phương hóa giáo dục tại Việt Nam : | |
| 245 | 0 | |b Luận văn tốt nghiệp | |
| 245 | 0 | |c Nguyễn Duy Chính ; Lê Văn Thận (Người hướng dẫn) | |
| 260 | |a Sài Gòn | ||
| 260 | |b Học viện Quốc Gia Hành Chánh | ||
| 260 | |c 1970 | ||
| 520 | |a Đề tài trình bày tầm quan trọng của giáo dục, tổ chức giáo dục tại Việt Nam hiện nay, kế hoạch địa phương hóa giáo dục. | ||
| 650 | |a Education | ||
| 650 | |z Vietnam | ||
| 904 | |i Nguyễn Quang Điền,Hải | ||
| 980 | |a Trung tâm Học liệu Trường Đại học Cần Thơ | ||